| 000 | 01327cam a2200361 a 4500 | ||
|---|---|---|---|
| 001 | 3718983 | ||
| 003 | OSt | ||
| 005 | 20151026150518.0 | ||
| 008 | 811106s1981 nyu b 001 0 eng | ||
| 010 | _a 80070020 | ||
| 020 |
_a0380007851 (pbk. : v. 1) : _c$3.95 |
||
| 020 |
_a0380012359 (pbk. : v. 2) : _c$3.95 |
||
| 040 |
_aDLC _cDLC _dDLC _dOCoLC _dDLC |
||
| 050 | 0 | 0 |
_aJA36 _b.G69 1981 |
| 082 | 0 | 0 |
_aIB 320.01 _bG79 1981 |
| 100 | _aCurtis, Michael | ||
| 245 | 0 | 4 |
_aThe great political theories / _cedited, with introduction and commentary, _bMichael Curtis. |
| 250 | _aNew, expanded ed. | ||
| 260 |
_aNew York, N.Y. : _bAvon Books, _cc1981. |
||
| 300 |
_a2 v. : _c18 cm. |
||
| 500 | _a"A Discus book." | ||
| 500 | _aPrevious ed. cataloged under: Curtis, Michael, 1923- ed. | ||
| 504 | _aIncludes bibliographies and indexes. | ||
| 505 | 0 | _av. 1. From Plato and Artistotle to Locke and Montesquieu -- v. 2. From Burke, Rousseau, and Kant to modern times. | |
| 562 | _eFor circulation. 2 copies available in the collection | ||
| 650 | 0 | _aPolitical science. | |
| 700 | 1 |
_aCurtis, Michael, _d1923- |
|
| 856 | 4 | 2 |
_3Publisher description _uhttp://www.loc.gov/catdir/description/hc044/80070020.html |
| 906 |
_a7 _bcbc _corignew _d2 _eopcn _f19 _gy-gencatlg |
||
| 942 |
_2lcc _cBK |
||
| 999 |
_c1088 _d1088 |
||